00321nam a2200145Ia 45000030006000000080041000060400015000471000018000622450019000802500006000992600033001053000006001385460014001440050017001580STCL150530s9999 xx 000 0 und d aSTCLcSTCL aSugathakumari aIrulchirakukal a6 bP.K. Brothers; Calicutc1999 a0 aMalayalam20220125170716.0